000
00322nam a2200133Ia 4500
008
240624s9999 xx 000 0 und d
041
_a
eng
082
_a
658.5 ELE
100
_a
3G LEARNING
245
_a
PRODUCT MANAGER
260
_c
2015
_a
United Kingdom
_b
3G Learning
300
_a
v, 304 p.; 23 cm.
365
_c
RS
_b
38
999
_c
31219
_d
31219